01498nam a2200361Ia 4500001001200000003000800012006001900020007001500039008004100054010001700095020001800112020001800130020002800148020003500176040002100211035002100232050002400253082001200277100002500289245017900314260005800493300002600551440004400577504006400621533015200685600001700837650004500854650004600899655002900945710001700974856012600991999001901117ebr10587102CaPaEBRm u cr cn|||||||||000403s2001 nyua sb s001 0 eng d z 00036567  z9780791447932 z9780791491546 z0791447936 (alk. paper) z0791447944 (pbk. : alk. paper) aCaPaEBRcCaPaEBR a(OCoLC)81140385714aB208.Z7bH34 2001eb04a1822211 aHahn, Robert,d1952-10aAnaximander and the architectsh[electronic resource] :bthe contributions of Egyptian and Greek architectural technologies to the origins of Greek philosophy /cRobert Hahn. aAlbany :bState University of New York Press,cc2001. axxiii, 326 p. :bill. 0aSUNY series in ancient Greek philosophy aIncludes bibliographical references (p. 295-314) and index. aElectronic reproduction.bPalo Alto, Calif. :cebrary,d2011.nAvailable via World Wide Web.nAccess may be limited to ebrary affiliated libraries.00aAnaximander. 0aArchitecture, AncientzEgyptxInfluence. 0aArchitecture, AncientzGreecexInfluence. 7aElectronic books.2local2 aebrary, Inc.40uhttp://site.ebrary.com/lib/rucke/Doc?id=10587102zAn electronic book accessible through the World Wide Web; click to view c211763d211763